| 000 | 00546nam a2200229Ia 4500 | ||
|---|---|---|---|
| 008 | 210210b2011 xxu||||| |||| 00| 0 eng d | ||
| 020 | _a8121205166 | ||
| 041 | _aeng | ||
| 082 | _a364 MATC | ||
| 100 | _aMATHUR (Krishna Mohan) | ||
| 245 | _aCrime, human rights and national security | ||
| 260 |
_aNew Delhi _bGyan publishing house _c2011 |
||
| 300 | _a399 | ||
| 650 | _asecurity | ||
| 650 | _arights | ||
| 650 | _anational | ||
| 650 | _ahuman | ||
| 650 | _aCrime, | ||
| 650 | _aand | ||
| 690 | _aSocial Problems | ||
| 906 | _a066469 | ||
| 999 |
_c147731 _d147731 |
||